The Agra Summit & BEYOND (Record no. 62441)

000 -LEADER
fixed length control field 00551nam a22001937a 4500
003 - CONTROL NUMBER IDENTIFIER
control field NUST - PNEC
005 - DATE AND TIME OF LATEST TRANSACTION
control field 20170116180748.0
008 - FIXED-LENGTH DATA ELEMENTS--GENERAL INFORMATION
fixed length control field 150226b xxu||||| |||| 00| 0 eng d
020 ## - INTERNATIONAL STANDARD BOOK NUMBER
International Standard Book Number 9698588507
040 ## - CATALOGING SOURCE
Transcribing agency LIBRARY
082 ## - DEWEY DECIMAL CLASSIFICATION NUMBER
Classification number 327.1154091 USH
100 ## - MAIN ENTRY--PERSONAL NAME
9 (RLIN) 1512
Personal name International Ushba Publishing
245 ## - TITLE STATEMENT
Title The Agra Summit & BEYOND
Statement of responsibility, etc. Ushba Publishing International
250 ## - EDITION STATEMENT
Edition statement -
260 ## - PUBLICATION, DISTRIBUTION, ETC.
Place of publication, distribution, etc. Pakistan
Name of publisher, distributor, etc. Ushba Publishing International
Date of publication, distribution, etc. c2005.
300 ## - PHYSICAL DESCRIPTION
Extent 172 p. :
650 ## - SUBJECT ADDED ENTRY--TOPICAL TERM
9 (RLIN) 1514
Topical term or geographic name entry element International Relations
General subdivision MIS
942 ## - ADDED ENTRY ELEMENTS (KOHA)
Source of classification or shelving scheme
Koha item type Book
Holdings
Withdrawn status Lost status Source of classification or shelving scheme Damaged status Not for loan Permanent Location Current Location Shelving location Date acquired Source of acquisition Cost, normal purchase price Total Checkouts Full call number Barcode Date last seen Cost, replacement price Price effective from Koha item type
          Pakistan Navy Engineering College (PNEC) Pakistan Navy Engineering College (PNEC)   05/05/2008 MS Royal Book Center 495.00   327.1154091 USH PNECLIB-028602 02/26/2015 495.00 05/05/2008 Book
© 2023 Central Library, National University of Sciences and Technology. All Rights Reserved.